| 000 | 00803nam a22001937a 4500 | ||
|---|---|---|---|
| 999 |
_c370715 _d370715 |
||
| 008 | 201130b ||||| |||| 00| 0 eng d | ||
| 040 |
_bger _cDE-2950 _erda _aDE-2950 |
||
| 041 | _ager | ||
| 100 | _aMatschkowiak, René: | ||
| 245 |
_aPredigt auf der Weide. _bNatur: Zwei ganz besondere Gottesdienste fanden am Wochenende trotz der Afrikanischen Schweinepest in Frankfurt-Rosengarten statt. Zu den Gästen gehörten auch Esel / _cRené Matschowiak |
||
| 264 | _c2021 | ||
| 653 | _aFrankfurt (Oder) <Ortsteil Rosengarten> | ||
| 653 | _aGottesdienst | ||
| 773 |
_dFrankfurt (Oder): Märkisches Verlags- und Druckhaus GmbH & Co KG _g32. Jahrgang (2021) Nr. 183 vom 09.08.2021, S. 15: Foto _tMärkische Oderzeitung |
||
| 942 | _cA | ||